[Event "POR-ch"]
[Site "Lisbon"]
[Date "1999.09.16"]
[Round "9"]
[White "Duarte, Riccardo"]
[Black "Henriques, Sofia S"]
[Result "0-1"]
[WhiteElo "2116"]
[BlackElo "2018"]
[PlyCount "118"]
[EventDate "1999.09.05"]
[EventType "swiss"]
[EventRounds "11"]
[EventCountry "POR"]
[SourceTitle "EXT 2000"]
[Source "ChessBase"]
[SourceDate "1999.11.16"]
[SourceVersion "1"]
[SourceVersionDate "1999.11.16"]
[SourceQuality "1"]

1. c4 e5 2. Nc3 Nc6 3. g3 g6 4. Bg2 Bg7 5. e4 d6 6. Nge2 f5 7. d3 Nf6 8. Rb1 a5 9. 0-0 0-0 10. f4 Be6 11. b3 Qd7 12. Nd5 fxe4 13. dxe4 Bh3 14. Nec3 Bxg2 15. Kxg2 exf4 16. Bxf4 Ne7 17. Nxf6+ Bxf6 18. Nd5 b6 19. Qd2 Nxd5 20. Qxd5+ Qf7 21. Bh6 Qxd5 22. exd5 Bg7 23. Bf4 Rae8 24. Rbe1 Bc3 25. Bh6 Bxe1 26. Bxf8 Bxg3 27. Bh6 Be5 28. Re1 Re7 29. Bg5 Rd7 30. Bh6 Rf7 31. Bg5 Kg7 32. Rf1 Rxf1 33. Kxf1 Bf6 34. Be3 Be7 35. Kg2 Kf6 36. Kf3 Kf5 37. h3 g5 38. Bd4 Bf6 39. Be3 h5 40. Bd2 g4+ 41. hxg4+ hxg4+ 42. Kg3 Be5+ 43. Kf2 Kg6 44. b4 a4 45. Be3 Bc3 46. Kg3 Kf5 47. c5 Bxb4 48. cxb6 cxb6 49. Bxb6 Be1+ 50. Kg2 Ke4 51. Kf1 Bh4 52. Ke2 Kxd5 53. Kd3 Be1 54. Ke2 Bb4 55. Bg1 Bc5 56. Bh2 Ke4 57. Bg3 d5 58. Be1 Kf4 59. Bd2+ Kg3 0-1

[Event "Faro op"]
[Site "Algarve"]
[Date "1999.08.11"]
[Round "2"]
[White "Duarte, Riccardo"]
[Black "Del Rey, Diego"]
[Result "0-1"]
[WhiteElo "2116"]
[BlackElo "2369"]
[PlyCount "102"]
[EventDate "1999.08.10"]
[EventType "swiss"]
[EventRounds "9"]
[EventCountry "POR"]
[SourceTitle "EXT 2000"]
[Source "ChessBase"]
[SourceDate "1999.11.16"]
[SourceVersion "1"]
[SourceVersionDate "1999.11.16"]
[SourceQuality "1"]

1. c4 g6 2. Nc3 Bg7 3. g3 c5 4. Bg2 Nc6 5. d3 d6 6. e4 e6 7. Nge2 Nge7 8. Be3 Nd4 9. 0-0 0-0 10. Rb1 Nec6 11. a3 a5 12. f4 f5 13. h3 Rb8 14. Kh2 Bd7 15. a4 Nxe2 16. Nxe2 Nd4 17. Nc3 Bc6 18. Nb5 Kh8 19. Bf2 e5 20. Be3 Ne6 21. Qd2 exf4 22. gxf4 g5 23. Kh1 gxf4 24. Bxf4 Nxf4 25. Rxf4 fxe4 26. Rxf8+ Qxf8 27. dxe4 Be5 28. Rf1 Qe7 29. b3 Rg8 30. Qe2 Qg7 31. Qf2 Qh6 32. Qf5 Qh4 33. Qf2 Qg5 34. Rd1 Qh6 35. Qf5 Qg7 36. Qf2 Rf8 37. Qe3 Qg6 38. Re1 Rg8 39. Qf3 Qg3 40. Qxg3 Rxg3 41. Rb1 Re3 42. Kg1 Bxe4 43. Bxe4 Rxe4 44. Rd1 Re3 45. Nxd6 Bd4 46. Kg2 Rxb3 47. Nf5 Rb2+ 48. Kg3 Be5+ 49. Kf3 Kg8 50. Rd5 Bf6 51. Rxc5 Kf7 0-1

[Event "Bozen op"]
[Site "Bozen"]
[Date "1998.06.17"]
[Round "6"]
[White "Astengo, Marcello"]
[Black "Duarte, Riccardo"]
[Result "1-0"]
[WhiteElo "2075"]
[BlackElo "2005"]
[PlyCount "115"]
[EventDate "1998.06.13"]
[EventType "swiss"]
[EventRounds "9"]
[EventCountry "ITA"]
[SourceTitle "CBM 065 Extra"]
[Source "ChessBase"]
[SourceDate "1998.09.09"]
[SourceVersion "1"]
[SourceVersionDate "1998.09.09"]
[SourceQuality "1"]

1. d4 d5 2. Nf3 c6 3. c3 Nf6 4. Bf4 Nbd7 5. e3 Ne4 6. Bd3 Ndf6 7. Ne5 g5 8. Bg3 h5 9. f3 h4 10. Bf2 Nxf2 11. Kxf2 Nd7 12. Ng4 e6 13. e4 Qb6 14. Qe2 dxe4 15. Bxe4 c5 16. Rd1 cxd4 17. cxd4 Bg7 18. Qd2 f5 19. Nc3 fxe4 20. Nxe4 h3 21. g3 0-0 22. Nxg5 Ne5 23. Nxe5 Bxe5 24. Qd3 Rf5 25. Nxh3 Qxb2+ 26. Kg1 Qb6 27. Rab1 Bxd4+ 28. Qxd4 Qxd4+ 29. Rxd4 Rxf3 30. Rc1 e5 31. Rd8+ Rf8 32. Rxf8+ Kxf8 33. Nf2 Bf5 34. Rc7 Rb8 35. g4 Bb1 36. a3 e4 37. Kf1 e3 38. Nd1 Bd3+ 39. Ke1 a6 40. Nxe3 Re8 41. Kd2 Be4 42. h4 Rd8+ 43. Ke2 b5 44. Ra7 Rd6 45. g5 Bg6 46. Ng2 Rc6 47. Nf4 Bf5 48. h5 Rc4 49. Ke3 Rc3+ 50. Kd4 Rxa3 51. Ke5 Bc2 52. Kf6 Ke8 53. g6 Rf3 54. Kg5 Rg3+ 55. Kh6 Rg4 56. g7 Bb3 57. Ng6 Bg8 58. Ra8+ 1-0

[Event "Bozen op"]
[Site "Bozen"]
[Date "1998.06.15"]
[Round "4"]
[White "Duarte, Riccardo"]
[Black "Bernardi, Ruben"]
[Result "0-1"]
[WhiteElo "2005"]
[BlackElo "2170"]
[PlyCount "94"]
[EventDate "1998.06.13"]
[EventType "swiss"]
[EventRounds "9"]
[EventCountry "ITA"]
[SourceTitle "CBM 065 Extra"]
[Source "ChessBase"]
[SourceDate "1998.09.09"]
[SourceVersion "1"]
[SourceVersionDate "1998.09.09"]
[SourceQuality "1"]

1. e4 e6 2. d4 d5 3. exd5 exd5 4. Bd3 Bd6 5. Nc3 c6 6. Nge2 Qc7 7. Ng3 g6 8. Bg5 Be6 9. Qe2 Nd7 10. a3 Nf8 11. b4 f6 12. Bd2 Kf7 13. 0-0 Re8 14. Qf3 Qd7 15. h3 Kg7 16. Nce2 Ne7 17. Bf4 Bxf4 18. Nxf4 Bf7 19. Rfe1 h5 20. h4 Qg4 21. Rxe7 Qxf3 22. Rxf7+ Kxf7 23. gxf3 f5 24. c4 Ne6 25. Nxe6 Kxe6 26. Ne2 dxc4 27. Bxc4+ Kf6 28. Nf4 g5 29. hxg5+ Kxg5 30. Nh3+ Kf6 31. Nf4 Rh7 32. d5 cxd5 33. Nxd5+ Kg5 34. Kh2 Rc8 35. Rg1+ Kh6 36. Nf4 Rg7 37. Rxg7 Kxg7 38. Be6 Rc3 39. a4 Rxf3 40. Nxh5+ Kg6 41. Kg2 Ra3 42. Nf4+ Kf6 43. a5 Ke5 44. Bxf5 Kxf5 45. Nd5 Ke5 46. Nc7 Ra4 47. a6 bxa6 0-1

[Event "POR-chT"]
[Site "Lisbon"]
[Date "1998.05.24"]
[Round "9"]
[White "Santos, Carlos Pereira Dos"]
[Black "Duarte, Riccardo"]
[Result "1-0"]
[WhiteElo "2400"]
[BlackElo "2005"]
[PlyCount "75"]
[EventDate "1998.??.??"]
[EventType "team"]
[EventRounds "9"]
[EventCountry "POR"]
[SourceTitle "EXT 1999"]
[Source "ChessBase"]
[SourceDate "1998.11.16"]
[SourceVersion "1"]
[SourceVersionDate "1998.11.16"]
[SourceQuality "1"]

1. e4 c6 2. c4 d5 3. cxd5 cxd5 4. exd5 a6 5. Nc3 Nf6 6. Nf3 Nxd5 7. d4 Nc6 8. Bc4 Nb6 9. Bb3 Bf5 10. Bg5 h6 11. Bh4 g5 12. Bg3 Bg7 13. 0-0 0-0 14. d5 Na5 15. Re1 Bf6 16. Ne5 Rc8 17. Qf3 Bh7 18. Rad1 Nac4 19. Qe2 Nd6 20. Ng4 Kg7 21. Be5 Re8 22. f4 Bf5 23. fxg5 hxg5 24. Qf3 Qd7 25. Nxf6 exf6 26. Bxd6 Bg4 27. Qg3 Bxd1 28. Rxd1 Nc4 29. Bf4 Nxb2 30. Rf1 Nc4 31. h4 g4 32. Bc1 Nd6 33. Qf4 f5 34. Qh6+ Kg8 35. Bg5 f6 36. Bxf6 Qh7 37. Qf4 Nf7 38. d6 1-0

[Event "POR-ch sf"]
[Site "Faro"]
[Date "1998.??.??"]
[Round "2"]
[White "Duarte, Riccardo"]
[Black "Andrade, Jose Manuel Vieira"]
[Result "1/2-1/2"]
[WhiteElo "2005"]
[BlackElo "2080"]
[PlyCount "107"]
[EventDate "1998.??.??"]
[EventType "swiss"]
[EventRounds "9"]
[EventCountry "POR"]
[SourceTitle "EXT 2000"]
[Source "ChessBase"]
[SourceDate "1999.11.16"]
[SourceVersion "1"]
[SourceVersionDate "1999.11.16"]
[SourceQuality "1"]

1. c4 e6 2. g3 d5 3. Bg2 c6 4. cxd5 exd5 5. d4 Bd6 6. Nc3 Nf6 7. Nf3 0-0 8. 0-0 Bf5 9. h3 h6 10. Re1 Re8 11. Nd2 Nbd7 12. e4 dxe4 13. Ndxe4 Bb4 14. Nxf6+ Nxf6 15. Rxe8+ Qxe8 16. Be3 Qd7 17. Kh2 Re8 18. Qb3 Bd6 19. Rd1 h5 20. d5 Qc7 21. Bxa7 h4 22. dxc6 hxg3+ 23. Kh1 gxf2 24. Bxf2 bxc6 25. Qb6 Ne4 26. Nxe4 Bxe4 27. Qxc7 Bxc7 28. Bxe4 Rxe4 29. Re1 Rxe1+ 30. Bxe1 Kf8 31. Bc3 g6 32. Kg2 Ke7 33. Kf3 f5 34. b3 Ke6 35. Ke3 Kd5 36. Kd3 Bb6 37. Bd2 c5 38. Bg5 Bc7 39. Bd2 Be5 40. Bg5 Bd4 41. Bd2 Bf6 42. Be3 g5 43. Bd2 g4 44. hxg4 fxg4 45. Ke3 Bg5+ 46. Ke2 Be7 47. Ke3 Bd6 48. Be1 Kc6 49. Ke4 Bc7 50. b4 c4 51. Kd4 Kb5 52. a4+ Kxa4 53. Kxc4 Bb6 54. Kd3 1/2-1/2

[Event "POR-ch sf"]
[Site "Faro"]
[Date "1998.??.??"]
[Round "3"]
[White "Pinho, Paulo Miguel"]
[Black "Duarte, Riccardo"]
[Result "1-0"]
[WhiteElo "2150"]
[BlackElo "2005"]
[PlyCount "51"]
[EventDate "1998.??.??"]
[EventType "swiss"]
[EventRounds "9"]
[EventCountry "POR"]
[SourceTitle "EXT 2000"]
[Source "ChessBase"]
[SourceDate "1999.11.16"]
[SourceVersion "1"]
[SourceVersionDate "1999.11.16"]
[SourceQuality "1"]

1. d4 c6 2. c4 d5 3. Nf3 Nf6 4. g3 e6 5. Bg2 Be7 6. 0-0 0-0 7. Qc2 Nbd7 8. b3 c5 9. cxd5 exd5 10. Nc3 b6 11. Rd1 Bb7 12. dxc5 bxc5 13. Ng5 h6 14. Nh3 Qc8 15. Nf4 d4 16. Ncd5 Bd6 17. e3 Kh8 18. exd4 Nxd5 19. Nxd5 cxd4 20. Qf5 Nc5 21. Qh5 Qe6 22. Bb2 d3 23. Rac1 Rac8 24. Rc4 Ba6 25. Bf6 Bxc4 26. Qxh6+ 1-0

[Event "Toscolano op"]
[Site "Toscolano"]
[Date "1997.??.??"]
[Round "?"]
[White "Agnelli, Francesco"]
[Black "Duarte, Riccardo"]
[Result "1-0"]
[WhiteElo "2060"]
[BlackElo "2010"]
[PlyCount "77"]
[EventDate "1997.??.??"]
[EventType "swiss"]
[EventRounds "9"]
[EventCountry "ITA"]
[SourceTitle "EXT 2000"]
[Source "ChessBase"]
[SourceDate "1999.11.16"]
[SourceVersion "1"]
[SourceVersionDate "1999.11.16"]
[SourceQuality "1"]

1. e4 e5 2. Nf3 Nc6 3. Bb5 a6 4. Ba4 Nf6 5. d3 d6 6. c3 Be7 7. Nbd2 0-0 8. Nf1 h6 9. h3 Nh7 10. Ng3 Ng5 11. Nh2 b5 12. Bb3 Na5 13. Bc2 c5 14. Ng4 Ne6 15. Nf5 Nf4 16. g3 Bxf5 17. gxf4 Bxg4 18. Qxg4 Kh8 19. Rg1 Rg8 20. fxe5 dxe5 21. Qh5 Qd6 22. Be3 Qe6 23. 0-0-0 g5 24. h4 Qg6 25. Qg4 Rad8 26. Qg3 f6 27. hxg5 hxg5 28. f4 exf4 29. Bxf4 Rc8 30. d4 cxd4 31. Rxd4 Qh5 32. Be3 Bc5 33. Qg2 Bxd4 34. Bxd4 Kg7 35. e5 Rcd8 36. exf6+ Kf7 37. Rh1 Qxh1+ 38. Qxh1 Rxd4 39. cxd4 1-0

[Event "Corsico op"]
[Site "Corsico"]
[Date "1997.??.??"]
[Round "2"]
[White "Duarte, Riccardo"]
[Black "Facchetti, Gianni"]
[Result "0-1"]
[WhiteElo "2010"]
[BlackElo "2125"]
[PlyCount "112"]
[EventDate "1997.??.??"]
[EventType "swiss"]
[EventRounds "7"]
[EventCountry "ITA"]
[SourceTitle "EXT 1998"]
[Source "ChessBase"]
[SourceDate "1997.11.17"]
[SourceVersion "1"]
[SourceVersionDate "1997.11.17"]
[SourceQuality "1"]

1. e4 e5 2. Nf3 Nc6 3. Bc4 d6 4. d3 Bg4 5. Be3 Qf6 6. c3 Bxf3 7. Qxf3 Qxf3 8. gxf3 a6 9. Bb3 g6 10. Nd2 Bh6 11. Nf1 Bxe3 12. fxe3 Nf6 13. Ng3 h5 14. h4 Ke7 15. f4 Ng4 16. Ke2 Na5 17. Bc2 Rhf8 18. f5 c5 19. Raf1 b5 20. Bd1 Rad8 21. Kd2 Nf6 22. Rhg1 c4 23. d4 Nc6 24. d5 Na5 25. Bf3 Rg8 26. Ne2 Nb7 27. Rg2 gxf5 28. Rxg8 Rxg8 29. exf5 Nc5 30. Rg1 Rxg1 31. Nxg1 e4 32. Be2 Nd3 33. b3 Ng4 34. Nh3 Kf6 35. Ng5 cxb3 36. axb3 Nc5 37. b4 Nd7 38. Nxe4+ Ke5 39. Ng5 f6 40. Nf7+ Kxd5 41. Bf3+ Kc4 42. Nxd6+ Kb3 43. Bd5+ Kb2 44. Bf7 Nde5 45. Bxh5 Nh2 46. e4 Nf1+ 47. Ke1 Ne3 48. Be2 Kxc3 49. Ne8 Kxb4 50. Nxf6 a5 51. h5 a4 52. Kd2 a3 53. Kc1 Kb3 54. Kd2 N5c4+ 55. Kd3 a2 56. Nd7 a1Q 0-1

[Event "Toscolano op"]
[Site "Toscolano"]
[Date "1997.??.??"]
[Round "?"]
[White "Duarte, Riccardo"]
[Black "Peric, Slavisa"]
[Result "0-1"]
[WhiteElo "2010"]
[BlackElo "2260"]
[PlyCount "68"]
[EventDate "1997.??.??"]
[EventType "swiss"]
[EventRounds "9"]
[EventCountry "ITA"]
[SourceTitle "EXT 2000"]
[Source "ChessBase"]
[SourceDate "1999.11.16"]
[SourceVersion "1"]
[SourceVersionDate "1999.11.16"]
[SourceQuality "1"]

1. e4 d6 2. d4 g6 3. Bd3 Bg7 4. c3 Nd7 5. Be3 e6 6. Nd2 Ne7 7. f4 b6 8. Nh3 Bb7 9. 0-0 d5 10. f5 0-0 11. fxe6 fxe6 12. Qg4 Rxf1+ 13. Rxf1 Nf8 14. Ng5 Bc8 15. Nf7 e5 16. Qh4 Qe8 17. Bh6 Bf5 18. exf5 e4 19. f6 Nf5 20. fxg7 Nd7 21. Ng5 Nxh4 22. Rf8+ Nxf8 23. gxf8Q+ Qxf8 24. Bxf8 exd3 25. Be7 Re8 26. Bf6 Re1+ 27. Kf2 Re2+ 28. Kg3 Nf5+ 29. Kf3 Rxd2 30. g4 Nd6 31. Ke3 Nc4+ 32. Kf3 Rxb2 33. h4 d2 34. Ke2 Rb1 0-1

[Event "Arco op 18th"]
[Site "Arco"]
[Date "1996.11.03"]
[Round "9"]
[White "Duarte, Riccardo"]
[Black "Fuggetta, Leonardo"]
[Result "1-0"]
[WhiteElo "2005"]
[BlackElo "2105"]
[PlyCount "41"]
[EventDate "1996.10.28"]
[EventType "swiss"]
[EventRounds "9"]
[EventCountry "ITA"]
[SourceTitle "EXT 2023"]
[Source "ChessBase"]
[SourceDate "2022.10.05"]
[SourceVersion "1"]
[SourceVersionDate "2022.10.05"]
[SourceQuality "1"]

1. e4 c5 2. f4 g6 3. Nf3 Bg7 4. Bc4 d6 5. c3 e6 6. 0-0 Ne7 7. d4 0-0 8. dxc5 dxc5 9. Be3 Qc7 10. Nbd2 b6 11. Qe1 Ba6 12. Bxa6 Nxa6 13. Qh4 c4 14. Bd4 Bxd4+ 15. Nxd4 Qc5 16. Kh1 Nc6 17. e5 Qe7 18. Qh6 Nxd4 19. cxd4 Rfd8 20. Ne4 Qf8 21. Nf6+ 1-0

[Event "Arco op 18th"]
[Site "Arco"]
[Date "1996.10.29"]
[Round "2"]
[White "Kievelitz, Bernd"]
[Black "Duarte, Riccardo"]
[Result "1-0"]
[WhiteElo "2145"]
[BlackElo "2005"]
[PlyCount "87"]
[EventDate "1996.10.28"]
[EventType "swiss"]
[EventRounds "9"]
[EventCountry "ITA"]
[SourceTitle "EXT 2023"]
[Source "ChessBase"]
[SourceDate "2022.10.05"]
[SourceVersion "1"]
[SourceVersionDate "2022.10.05"]
[SourceQuality "1"]

1. Nf3 b6 2. c4 Bb7 3. Nc3 e6 4. e4 c5 5. d4 cxd4 6. Nxd4 a6 7. Bd3 Qc7 8. 0-0 Nf6 9. Re1 Bd6 10. h3 Bh2+ 11. Kh1 Bd6 12. Qe2 Nc6 13. Nxc6 Qxc6 14. f4 e5 15. Nd5 Bb8 16. f5 g6 17. Qf3 Nxd5 18. cxd5 Qf6 19. Rf1 g5 20. Be3 h5 21. Qf2 Bc7 22. Rac1 Bd8 23. g3 Rc8 24. Rxc8 Bxc8 25. Rc1 Bb7 26. a4 Qd6 27. Qd2 f6 28. b4 Be7 29. a5 b5 30. Bb6 Kf7 31. Rc7 Rb8 32. Qc3 Ke8 33. Rc5 Bd8 34. Bc7 Bxc7 35. Rxc7 Kd8 36. Rc5 Rc8 37. Be2 h4 38. gxh4 gxh4 39. Bh5 Qf8 40. Bg4 Qe7 41. Qe3 Qf8 42. Rxc8+ Bxc8 43. Qb6+ Ke8 44. Bh5+ 1-0

[Event "Toscolano op"]
[Site "Toscolano"]
[Date "1996.??.??"]
[Round "7"]
[White "Duarte, Riccardo"]
[Black "Luciani, Valerio"]
[Result "0-1"]
[WhiteElo "2005"]
[BlackElo "2180"]
[PlyCount "92"]
[EventDate "1996.??.??"]
[EventType "swiss"]
[EventRounds "9"]
[EventCountry "ITA"]
[SourceTitle "EXT 1998"]
[Source "ChessBase"]
[SourceDate "1997.11.17"]
[SourceVersion "1"]
[SourceVersionDate "1997.11.17"]
[SourceQuality "1"]

1. e4 e6 2. d4 d5 3. exd5 exd5 4. Bd3 Bd6 5. Ne2 Ne7 6. Ng3 Be6 7. Be3 Qd7 8. Nc3 a6 9. 0-0 Nbc6 10. a3 0-0 11. Qh5 f5 12. Nce2 Ng6 13. f4 Qf7 14. Nh1 Kh8 15. Nf2 Nge5 16. Qh3 Nxd3 17. Nxd3 b6 18. Qf3 Ne7 19. Ne5 Bxe5 20. fxe5 Rac8 21. Rac1 Rg8 22. Bg5 Ng6 23. Qh5 Nxe5 24. Qh4 Ng6 25. Qg3 h6 26. Bf4 Kh7 27. h4 Bd7 28. Bxc7 Bb5 29. h5 Nf8 30. c4 Bxc4 31. Rxc4 dxc4 32. Bxb6 Qe6 33. Qf3 Re8 34. Ba5 Qxe2 35. Qxf5+ g6 36. hxg6+ Rxg6 37. Rf2 Qe6 38. Qc2 Nd7 39. Bc3 Rf8 40. Re2 Qf5 41. Qd1 Rf7 42. d5 Qd3 43. Qxd3 cxd3 44. Re3 Rd6 45. Rxd3 Rf5 46. Re3 Nf6 0-1

[Event "Toscolano op"]
[Site "Toscolano"]
[Date "1996.??.??"]
[Round "8"]
[White "Kievelitz, Bernd"]
[Black "Duarte, Riccardo"]
[Result "1-0"]
[WhiteElo "2145"]
[BlackElo "2005"]
[PlyCount "81"]
[EventDate "1996.??.??"]
[EventType "swiss"]
[EventRounds "9"]
[EventCountry "ITA"]
[SourceTitle "EXT 1998"]
[Source "ChessBase"]
[SourceDate "1997.11.17"]
[SourceVersion "1"]
[SourceVersionDate "1997.11.17"]
[SourceQuality "1"]

1. Nf3 b6 2. c4 Bb7 3. Nc3 e6 4. a3 f5 5. d4 Be7 6. d5 Nf6 7. Nd4 c5 8. Nc2 exd5 9. cxd5 d6 10. g3 0-0 11. Bg2 Ng4 12. 0-0 Nd7 13. h3 Nge5 14. f4 Nf7 15. e4 fxe4 16. Nxe4 Ba6 17. Re1 Nf6 18. Rb1 Qd7 19. Kh2 Nxe4 20. Rxe4 Rae8 21. Bd2 Bf6 22. Bc3 Bxc3 23. bxc3 Rxe4 24. Bxe4 Re8 25. Qf3 Rf8 26. Qe3 h6 27. g4 g5 28. Bf5 Qa4 29. fxg5 Nxg5 30. Ne1 Re8 31. Be6+ Kg7 32. Ng2 Bc8 33. Rf1 Bxe6 34. dxe6 Nxe6 35. Nh4 Ng5 36. Qf2 Kg8 37. Nf5 Kh7 38. Nxd6 Re5 39. Nf7 Re7 40. Qf5+ Kg8 41. Qg6+ 1-0

[Event "Ceriano Laghetto op 4th"]
[Site "Ceriano Laghetto"]
[Date "1995.02.??"]
[Round "3"]
[White "Agostani, Andrea"]
[Black "Duarte, Riccardo"]
[Result "1/2-1/2"]
[WhiteElo "1954"]
[BlackElo "2030"]
[PlyCount "65"]
[EventDate "1995.02.01"]
[EventType "swiss"]
[EventRounds "8"]
[EventCountry "ITA"]
[SourceTitle "EXT 2023"]
[Source "ChessBase"]
[SourceDate "2022.10.05"]
[SourceVersion "1"]
[SourceVersionDate "2022.10.05"]
[SourceQuality "1"]

1. d4 d5 2. c4 e6 3. Nc3 Be7 4. Nf3 Nf6 5. Bg5 Nbd7 6. e3 c6 7. Bd3 h6 8. Bh4 0-0 9. Rc1 Nh5 10. Bxe7 Qxe7 11. cxd5 exd5 12. 0-0 Nhf6 13. e4 dxe4 14. Re1 Qb4 15. Nxe4 Nxe4 16. Bxe4 Qxb2 17. d5 cxd5 18. Bxd5 Qf6 19. Rc7 Rb8 20. Qb3 Qf4 21. Rec1 Nb6 22. Bxf7+ Rxf7 23. Ne5 Qxe5 24. Qxf7+ Kh7 25. Re7 Qg5 26. Rcc7 Bd7 27. Rexd7 Nxd7 28. Qxd7 Rd8 29. Qa4 Qd2 30. g3 Rf8 31. Qxa7 Qd1+ 32. Kg2 Qf3+ 33. Kg1 1/2-1/2